The radical right in Eastern Europe
| Titel: | The radical right in Eastern Europe : democracy under siege? / Michael Minkenberg |
|---|---|
| Verfasser: | |
| Veröffentlicht: | New York : Palgrave Macmillan, [2017] |
| Umfang: | xx, 194 Seiten : Illustrationen, Diagramme ; 21 cm x 14.8 cm |
| Format: | Buch |
| Sprache: | Englisch |
| Schriftenreihe/ mehrbändiges Werk: |
Europe in crisis |
| RVK-Notation: | |
| ISBN: | 9781349951475 ; 1349951471 ; 9781137563323 |
| Hinweise zum Inhalt: |
Inhaltstext
Hinweise zum Inhalt |
alg: 40338246 001A $00030:23-05-17 001B $06062:23-05-24 $t17:29:35.000 001D $00030:16-06-17 001U $0utf8 001X $00 002@ $0Aau 002C $aText $btxt $2rdacontent 002D $aohne Hilfsmittel zu benutzen $bn $2rdamedia 002E $aBand $bnc $2rdacarrier 003@ $0403382467 003O $0959036035 $aOCoLC 004A $A978-1-349-95147-5 $fPp. 43.99 EUR (DE) 004A $01-349-95147-1 004E/07 $09781349951475/missing 004E/07 $0BVBTBV044031651 004O $A978-1-137-56332-3 $So $f(ebook) 006C $0982733577 $aOCoLC 006L $0BV044031651 007A $01113771364 $aDNB 009P $qtext/html $A2 $3Inhaltstext $uhttp://deposit.dnb.de/cgi-bin/dokserv?id=7ab2a24e3c44421b8998a4d2387f6a59&prov=M&dok_var=1&dok_ext=htm 009P $uhttp://www.springer.com 010@ $aeng 010E $erda 011@ $a2017 $n[2017] 021A $aThe @radical right in Eastern Europe $ddemocracy under siege? $hMichael Minkenberg 028A $BVerfasser $#Minkenberg, Michael $#Minkenberg, Michael W. $4aut $7123957125 $8Minkenberg, Michael$Z1959- [Tp1] $9154748110 033A $pNew York $nPalgrave Macmillan 034D $axx, 194 Seiten 034I $a21 cm x 14.8 cm 034M $aIllustrationen, Diagramme 036G $aEurope in crisis 037A $aLiteraturverzeichnis: Seite 151-175 039U $aRezensiert in $8--Oou--Kasekamp, Andres$Z1966- [Tp3]. [Michael Minkenberg: The radical right in Eastern Europe], 2018. - DOI 10.1080/01629778.2018.1499998 $9435215027 044K $REuropa $ROstblock $ROstmitteleuropa $#Europa, Ost $#Östliches Europa $#Central Europe Osteuropa $74075739-0 $8Osteuropa [Tg1] $9085214396 044K $RRadikalismus $RFaschismus $RNeue Rechte $RRechtsradikaler $#Right-wing extremists $#Extrême droite $#Neonazismus $#Rechtsradikalismus $#Neonazismus $#Rechtsextremismus $74048829-9 $8Rechtsradikalismus [Ts1] $9085136093 044K $RNationalbewegung $RNationalbewusstsein $RPatriotismus $#Nationalism $#Nationalisme $#Nacionalismo $#Nationalismus $#Nationalismus $74041300-7 $8Nationalismus [Ts1] $9085113069 045B $a320#23sdnb 045Z $8MG 80380 [Tkv] $9410543314 lok: 40338246 3 101B $016-06-17 $t11:46:22.000 101C $016-06-17 101U $0utf8 145S/01 $a007 exp: 40338246 3 1 #EPN 201B/01 $016-06-17 $t11:46:11.000 201C/01 $023-05-17 201U/01 $0utf8 203@/01 $0807083348 208@/01 $a23-05-17 $bzFe 209A/01 $a04/MG 80380 M665 R1 $du $f006 $h04 MG 80380 M665 R1 $x00 209G/01 $a2006211099 $x00 247C/01 $8601006-4 <30/6>Frankfurt, Universitätsbibliothek J. C. Senckenberg, Bibliothek Sozialwissenschaften und Psychologie (BSP) $9313751838 lok: 40338246 78 exp: 40338246 78 1 #EPN 201B/01 $023-08-18 $t11:33:11.000 201C/01 $023-08-18 201U/01 $0utf8 203@/01 $01026643899 208@/01 $a23-08-18 $be 209A/01 $a/ $f000 $x00 209A/01 $ab*p $x01 220C/01 $akoe 247C/01 $82080>Marburg/Lahn, Herder-Institut, Forschungsbibliothek, Bibliographieportal $9336309341 lok: 40338246 205 exp: 40338246 205 1 #EPN 201B/01 $012-07-18 $t15:23:40.000 201C/01 $005-07-17 201U/01 $0utf8 203@/01 $01003111246 208@/01 $a05-07-17 $bz 209A/01 $a001 MG 80380 M665 $db $f000 $x00 209C/01 $a1 2017/04734 209C/01 $anel1802ma 209G/01 $a69735550 $x00 247C/01 $8351000-1 <4>Marburg, Universität Marburg, Universitätsbibliothek $9102594767
| LEADER | 00000cam a2200000 c 4500 | ||
|---|---|---|---|
| 001 | 403382467 | ||
| 003 | DE-603 | ||
| 005 | 20240523172935.0 | ||
| 007 | tu | ||
| 008 | 170523s2017 xx |||| | u00||u|eng c | ||
| 020 | |a 9781349951475 |c Pp. 43.99 EUR (DE) | ||
| 020 | |a 1349951471 | ||
| 028 | 5 | 2 | |a 9781349951475/missing |
| 028 | 5 | 2 | |a BVBTBV044031651 |
| 035 | |a (DE-599)DNB1113771364 | ||
| 035 | |a BV044031651 | ||
| 035 | |a (OCoLC)959036035 | ||
| 040 | |a DE-603 |b ger |c DE-603 |d DE-603 |e rda | ||
| 041 | |a eng | ||
| 082 | 7 | |a 320#23sdnb | |
| 084 | |a MG 80380 |0 (DE-625)122863:12126 |0 (DE-603)410543314 |2 rvk | ||
| 100 | 1 | |a Minkenberg, Michael |d 1959- |e Verfasser |4 aut |0 (DE-603)154748110 |0 (DE-588)123957125 |2 gnd | |
| 245 | 0 | 0 | |a The radical right in Eastern Europe |b democracy under siege? |c Michael Minkenberg |
| 264 | 1 | |a New York |b Palgrave Macmillan |c [2017] | |
| 300 | |a xx, 194 Seiten |b Illustrationen, Diagramme |c 21 cm x 14.8 cm | ||
| 336 | |a Text |b txt |2 rdacontent | ||
| 337 | |a ohne Hilfsmittel zu benutzen |b n |2 rdamedia | ||
| 338 | |a Band |b nc |2 rdacarrier | ||
| 490 | 0 | |a Europe in crisis | |
| 500 | |a Literaturverzeichnis: Seite 151-175 | ||
| 650 | 7 | |a Rechtsradikalismus |0 (DE-588)4048829-9 |0 (DE-603)085136093 |2 gnd | |
| 650 | 7 | |a Nationalismus |0 (DE-588)4041300-7 |0 (DE-603)085113069 |2 gnd | |
| 651 | 7 | |a Osteuropa |0 (DE-588)4075739-0 |0 (DE-603)085214396 |2 gnd | |
| 776 | 1 | |z 9781137563323 | |
| 787 | 0 | 8 | |i Rezensiert in |a Kasekamp, Andres, 1966- |t [Michael Minkenberg: The radical right in Eastern Europe] |o 10.1080/01629778.2018.1499998 |w (DE-603)435215027 |
| 856 | 4 | 2 | |q text/html |u http://deposit.dnb.de/cgi-bin/dokserv?id=7ab2a24e3c44421b8998a4d2387f6a59&prov=M&dok_var=1&dok_ext=htm |3 Inhaltstext |
| 856 | 4 | 2 | |u http://www.springer.com |
| 924 | 0 | |9 30/6 |a (DE-603)807083348 |b DE-30-6 |c HES |d d |g 04/MG 80380 M665 R1 | |
| 924 | 0 | |9 2080 |a (DE-603)1026643899 |b DE-2080 |c HES |d d |g / | |
| 924 | 0 | |9 4 |a (DE-603)1003111246 |b DE-4 |c HES |d c |g 001 MG 80380 M665 | |


